| 000 | 00768nam a22001577a 4500 | ||
|---|---|---|---|
| 003 | OSt | ||
| 005 | 20150918180641.0 | ||
| 008 | 150918b xxu||||| |||| 00| 0 eng d | ||
| 040 | _cRUA | ||
| 082 | _aAGR UM 2005 B032 Or.32 | ||
| 100 |
_9811 _aUM BOPHA |
||
| 245 | _aEffct of duration of weed competition on chilli pepper (Capsicumannuum) Yield at royal university of agriculture,(ឥទ្ធិពលថេរវេលានៃការប្រណាំងប្រជែងរបស់ស្មៅចង្រៃលើទិន្នផលម្ទេសដៃនាង នៅក្នុងសាកលវិទ្យាល័យភូមិន្ទកសិកម្ម) | ||
| 260 |
_aphnom penh _bRUA _c2005 |
||
| 300 |
_axiii,59p. _cill. _g29cm. |
||
| 942 |
_2ddc _cAGR |
||
| 999 |
_c783 _d783 |
||